| 000 | 00404nam a2200133Ia 4500 | ||
|---|---|---|---|
| 005 | 20260328101527.0 | ||
| 008 | 260328s9999||||xx |||||||||||||| ||und|| | ||
| 100 | _aHerrera Buitrago, María Mercedes | ||
| 245 | 0 |
_aEmergencia del Arte conceptual en Colombia (1968-1982) / _cMaría Mercedes Herrera Buitrago |
|
| 260 | _bPontificia Universidad Javeriana | ||
| 300 | _a201 p. | ||
| 650 | _aARTE | ||
| 942 | _cBK | ||
| 999 |
_c9845 _d9845 |
||